| 000 | 00474cam a2200205ua 4500 | ||
|---|---|---|---|
| 001 | 8344 | ||
| 008 | 150128n ii |||gr||||Z||||||eng | ||
| 020 | _a9780143101222 | ||
| 040 | _cMAIN | ||
| 041 | _aeng | ||
| 082 | _a823N | ||
| 100 |
_aDesai, K., _eAuthor. |
||
| 245 | 1 |
_aThe inheritance of loss _cBy Kiran Desai |
|
| 250 | _a1st. | ||
| 260 |
_aNew Delhi: _bPenguin, _c2006. |
||
| 300 | _a324p. | ||
| 653 | _aEnglish fiction | ||
| 653 | _aEnglish novels | ||
| 942 | _cBK | ||
| 999 |
_c7455 _d7455 |
||